000 00376 a2200157 4500
001 71601
020 _a
040 _cAnchieta - Colégio São Paulo
100 _aGastelois, Maria Magdalena Lana
240 1 0 _aViramundo vai à França
_lpor
245 1 0 _aViramundo vai à França
300 _a[45p.]
362 0 _a0
650 4 _aLiteratura infanto-juvenil
942 _cBK
999 _c71601
_d71601